[Event "Caribbean-ch U18"]
[Site "San Salvador"]
[Date "2021.11.27"]
[Round "1"]
[White "Pastor Carvajal, Jeigoth"]
[Black "Meza Vega, Jose Antonio"]
[Result "1-0"]
[WhiteElo "1762"]
[BlackElo "1383"]
[PlyCount "81"]
[EventDate "2021.11.27"]
[EventType "tourn"]
[EventRounds "9"]
[EventCountry "ESA"]
[SourceTitle "EXT 2023"]
[Source "ChessBase"]
[SourceDate "2022.10.05"]
[SourceVersion "1"]
[SourceVersionDate "2022.10.05"]
[SourceQuality "1"]
[WhiteTeam "Costa Rica"]
[BlackTeam "Costa Rica"]
[WhiteTeamCountry "CRI"]
[BlackTeamCountry "CRI"]

1. e4 e5 2. Nf3 Nc6 3. Nc3 Nf6 4. Bb5 Bc5 5. Nxe5 Bxf2+ 6. Kxf2 Nxe5 7. d4 Neg4+ 8. Kg1 c6 9. Be2 d6 10. h3 Nh6 11. Bg5 Qb6 12. Qd2 Nhg8 13. Kh2 h6 14. Bf4 Be6 15. Bxd6 Rd8 16. e5 Nd5 17. Nxd5 Bxd5 18. c4 Rxd6 19. exd6 Be6 20. c5 Qd8 21. Rae1 Nf6 22. Bc4 Nd5 23. Bxd5 cxd5 24. Qb4 Qd7 25. Qa5 b6 26. Qb4 0-0 27. Rc1 bxc5 28. dxc5 Qc6 29. a4 a5 30. Qxa5 Ra8 31. Qb5 Qc8 32. c6 Qd8 33. Qc5 Qg5 34. Rhe1 Qf4+ 35. Kg1 Bxh3 36. Qe3 Qxe3+ 37. Rxe3 Bf5 38. Re5 Bg4 39. Rxd5 Rc8 40. d7 Bxd7 41. Rxd7 1-0

[Event "Central America Carribean-ch U20"]
[Site "Pereira"]
[Date "2021.09.21"]
[Round "1"]
[White "Meza Vega, Jose Antonio"]
[Black "Rodriguez Valencia, Sebastian"]
[Result "1/2-1/2"]
[WhiteElo "1367"]
[BlackElo "1825"]
[PlyCount "106"]
[EventDate "2021.09.21"]
[EventType "swiss"]
[EventRounds "9"]
[EventCountry "COL"]
[SourceTitle "EXT 2023"]
[Source "ChessBase"]
[SourceDate "2022.10.05"]
[SourceVersion "1"]
[SourceVersionDate "2022.10.05"]
[SourceQuality "1"]

1. d4 d5 2. Nf3 e6 3. g3 Nf6 4. Bg2 c5 5. 0-0 Nc6 6. b3 Bd6 7. Bb2 cxd4 8. Nxd4 0-0 9. e3 a6 10. Nd2 e5 11. Nxc6 bxc6 12. c4 Bf5 13. cxd5 cxd5 14. Nc4 dxc4 15. Bxa8 Qxa8 16. Qxd6 Bh3 17. f3 Bxf1 18. Rxf1 cxb3 19. axb3 Qa7 20. Qxe5 Re8 21. Qd4 Qb7 22. Qd3 Rb8 23. Bd4 Qxb3 24. Qxa6 Nd5 25. Qa7 Rc8 26. e4 Nc3 27. Qa6 Rd8 28. Bxc3 Qxc3 29. Qb6 Re8 30. Kg2 h6 31. Rf2 Ra8 32. Qb2 Qa5 33. Qd2 Qe5 34. Qd5 Qa1 35. e5 Ra5 36. Qd8+ Kh7 37. f4 Qe1 38. Qd3+ Kg8 39. Qe2 Qb4 40. Qf3 Ra1 41. Qe2 Qb7+ 42. Kh3 Ra6 43. f5 Qc8 44. Qg4 Qe8 45. f6 g6 46. Rc2 Re6 47. Rc5 Kh7 48. Qd4 Ra6 49. Qd5 Kg8 50. Rc7 Re6 51. Qb7 Qf8 52. Rc8 Re8 53. Rxe8 Qxe8 1/2-1/2